The myth of voter fraud / (Record no. 11757)
[ view plain ]
| 000 -LEADER | |
|---|---|
| fixed length control field | 00789nam a22002292 4500 |
| 001 - CONTROL NUMBER | |
| control field | 0000025497 |
| 005 - DATE AND TIME OF LATEST TRANSACTION | |
| control field | 20151217154550.0 |
| 008 - FIXED-LENGTH DATA ELEMENTS--GENERAL INFORMATION | |
| fixed length control field | 151006s xx 000 0 eng d |
| 020 ## - INTERNATIONAL STANDARD BOOK NUMBER | |
| International Standard Book Number | 0801448485 : |
| 040 ## - CATALOGING SOURCE | |
| Original cataloging agency | KABU |
| Transcribing agency | KABU |
| 100 1# - MAIN ENTRY--PERSONAL NAME | |
| Personal name | Minnite, Lorraine C. |
| -- | 0000186161 |
| 245 14 - TITLE STATEMENT | |
| Title | The myth of voter fraud / |
| Statement of responsibility, etc. | Lorraine C. Minnite. |
| 260 ## - PUBLICATION, DISTRIBUTION, ETC. (IMPRINT) | |
| Place of publication, distribution, etc. | New York : |
| Name of publisher, distributor, etc. | Cornell University press, |
| Date of publication, distribution, etc. | 2010. |
| 300 ## - PHYSICAL DESCRIPTION | |
| Extent | viii, 298 p. |
| 650 #0 - SUBJECT ADDED ENTRY--TOPICAL TERM | |
| Topical term or geographic name as entry element | Elections |
| General subdivision | Corrupt practices |
| Geographic subdivision | United States. |
| -- | 0000186162 |
| 650 #0 - SUBJECT ADDED ENTRY--TOPICAL TERM | |
| Topical term or geographic name as entry element | United States |
| General subdivision | Politics and government. |
| -- | 0000186163 |
| 650 #0 - SUBJECT ADDED ENTRY--TOPICAL TERM | |
| Topical term or geographic name as entry element | Political corruption |
| Geographic subdivision | United States. |
| -- | 0000186164 |
| 650 #0 - SUBJECT ADDED ENTRY--TOPICAL TERM | |
| Topical term or geographic name as entry element | Voting |
| Geographic subdivision | United States. |
| -- | 0000181186 |
| 852 1# - LOCATION | |
| -- | p6500 KES |
| 908 ## - PUT COMMAND PARAMETER (RLIN) | |
| Put command parameter | 151006 |
| 950 ## - LOCAL HOLDINGS (RLIN) | |
| -- | 1 |
| Withdrawn status | Lost status | Source of classification or shelving scheme | Not for loan | Home library | Current library | Date acquired | Total Checkouts | Full call number | Barcode | Date last seen | Price effective from | Koha item type |
|---|---|---|---|---|---|---|---|---|---|---|---|---|
| Library of Congress Classification | Kabarak, Main Campus | Kabarak, Main Campus | 17/12/2015 | JK1994 .M56 2010 c. 1 | 020297 | 17/12/2015 | 17/12/2015 | General Collection |